|
|
|
|
| LEADER |
00000naa a2200000uu 4500 |
| 001 |
vtls011084777 |
| 003 |
SK-MaSNL |
| 005 |
20260302105034.0 |
| 008 |
210905|1996 xo |||||||||||||||||slo| |
| 015 |
|
|
|a SNBRA
|
| 035 |
|
|
|a (urnnbn)urn:nbn:sk:snk:ar-a0clhs
|
| 035 |
|
|
|a (uuid)b6a54b56-288c-4248-ad85-bc912410bfde
|
| 035 |
|
|
|a urn:nbn:sk:snk-aavrdy
|
| 040 |
|
|
|a SNKBUCL
|b slo
|c SNKBUCL
|e AACR2
|
| 041 |
0 |
|
|a slo
|
| 044 |
|
|
|a xo
|c SK
|
| 100 |
1 |
|
|a Vrábeľ, Peter
|4 aut
|9 322501
|
| 245 |
1 |
0 |
|a PRIESKUM ZOSUVNÝCH ÚZEMÍ POVODIA ORAVY
|c Peter Vrábeľ, Margita Peterková
|
| 246 |
3 |
|
|a INVESTIGATION OF LANDSLIDE AREAS IN THE ORAVA RIVER BASIN
|
| 700 |
1 |
|
|a Peterková, Margita
|4 aut
|9 783071
|
| 773 |
0 |
|
|t Výskum, prieskum a sanácia zosuvných území na Slovensku
|d Bratislava : Slovenská asociácia inžinierskych geológov, 1996
|g S. 47-52
|z 8096760300
|
| 958 |
|
|
|a OND
|
| 958 |
|
|
|a article12
|
| 958 |
|
|
|a chapter
|
| 999 |
|
|
|c 1237200
|d 1239130
|